000 00378nam a2200145Ia 4500
005 20240823064420.0
008 240823s9999||||xx |||||||||||||| ||und||
082 _A658.15 P5
100 _a"Ross,Steven A [et al]"
245 0 _aCorporate Finance
260 _c2005
_b"Tata Mcgraw Hill,New "
500 _aYES
650 _aCorporate Finance
_bManagement Studies
942 _cNB
999 _c240662
_d240662